000 00213 a2200085 4500
020 _a 9781616895631
100 _aIan Volner
245 _aMichael Graves: Design for Life
260 _bPrinceton Architectural Press
_c2017
999 _c13371
_d13371